Akarjunk nevelni
Úvodník [z pera regionálneho autora] sa zaoberá témou vzdelávania žien pre život a nie len pre potrebu kuchyne.
| Hlavný autor: | |
|---|---|
| Médium: | Článok |
| Jazyk: | Hungarian |
| Témy: | |
| Zdroj: |
1. Felvidéki Hirlap : Közgazdasági, társadalmi és szépirodalmi hetilap 1. Roč. 1, č. 21 (02.08.1908) s. 1 |
| LEADER | 00905nab#a2200313#ar4500 | ||
|---|---|---|---|
| 001 | 000072899 | ||
| 003 | SVKKK | ||
| 005 | 20030415xxxxxxx. | ||
| 008 | 06 c xo huno | ||
| FMT | |||
| 038 | |a SVKKK | ||
| 040 | |a SVKKK |b slo |e AACR2 | ||
| 041 | 0 | |a hun | |
| 044 | |a xo |c SK | ||
| 080 | |a 396:37 | ||
| 100 | 0 | |a Banda. |4 aut | |
| 242 | 1 | 0 | |a Chcime vychovávať |
| 245 | 1 | 0 | |a Akarjunk nevelni |c Banda. |
| 500 | |a mikrofilm | ||
| 520 | 2 | |a Úvodník [z pera regionálneho autora] sa zaoberá témou vzdelávania žien pre život a nie len pre potrebu kuchyne. | |
| 650 | 0 | 4 | |a vzdelávanie žien - úvaha - Humenné - rok 1908 - úvodníky |
| 773 | 0 | |t Felvidéki Hirlap : Közgazdasági, társadalmi és szépirodalmi hetilap |g Roč. 1, č. 21 (02.08.1908) s. 1 | |
| 957 | |a Humenné | ||
| 958 | |a DG | ||
| 958 | |a SK | ||
| 974 | |a Ba |d 20030415 | ||
| 992 | |a RBX | ||
| BAS | |||
| 998 | |a RETRO | ||